Despidiendo mi vida = The Event /

Guardado en:
Detalles Bibliográficos
Autor principal: Fitzgerald, Thom (realización)
Otros autores: Marback, Tim (guión) (guión), Hillyer, Steven (guión) (guión), Fitzgerald, Thom (guión) (guión), Harting, Tom (fotógrafo) (fotógrafo), Cooper, Christopher (montaje) (montaje), Beck, Christophe (música) (música), Carver, Brent (actuación) (actuación), Dukakis, Olympia (actuación) (actuación), Leeves, Jane (actuación) (actuación)
Formato: Audiovisual
Idioma:Inglés
Publicado: Canadá : Covington International, 2003
Temas:
Etiquetas: Agrega una etiqueta
Sin etiquetas, Sé el primero en etiquetar este registro!

MARC

LEADER 00000ngm^a2200000^a^4500
001 000280679
005 20250521000000.0
009 20260526134519.461
037 |a Acervo ITESO - Biblioteca 
041 |a ING 
082 |a 819. 1  |b FIT 
100 |a Fitzgerald, Thom  |e (realización) 
245 1 0 |a Despidiendo mi vida =  |b The Event /  |c Realización de T. Fitzgerald. 
264 1 |a Canadá :  |b Covington International,  |c 2003 
264 2 |a México :  |b Séptimo Arte [distribución],  |c 2004, c2004 
300 |a 1 DVD regiones 1 y 4  |c (110 min.) 
336 |a imagen móvil bidimensional  |b tdi  |2 rdacontenido 
337 |a video  |b v  |2 rdamedio 
338 |a videodisco  |b vd  |2 rdasoporte 
546 |a En inglés, con subtítulos opcionales: español, inglés 
649 |a XX 
650 |a Cineastas Norteamericanos 
650 |a Dramas Cinematográficos 
650 |a Cine Canadiense -  |y 2000-2009 
650 |a Cine Canadiense -  |y Siglo XXI 
650 |a Cine Gay y Lésbico -  |z Canadá 
650 |a Cine en Inglés -  |z Canadá 
650 |a Enfermos Terminales 
650 |a Homosexualidad 
650 |a SIDA 
650 |a Eutanasia 
650 |a Suicidio 
650 |a Muerte 
650 |a Nueva York, EUA en el Cine 
700 |a Marback, Tim  |e (guión) 
700 |a Hillyer, Steven  |e (guión) 
700 |a Fitzgerald, Thom  |e (guión) 
700 |a Harting, Tom  |e (fotógrafo) 
700 |a Cooper, Christopher  |e (montaje) 
700 |a Beck, Christophe  |e (música) 
700 |a Carver, Brent  |e (actuación) 
700 |a Dukakis, Olympia  |e (actuación) 
700 |a Leeves, Jane  |e (actuación) 
910 |a Fondo General 
920 |a Audiovisuales - DVDs 
940 |a Películas 
905 |a 302 
901 |a 0500142513  |b IT2  |c DVS  |u 20250521 
902 |a https://opac.biblio.iteso.mx/vufind/Record/000280679